<?xml version="1.0" encoding="UTF-8"?><?xml-stylesheet type="text/xsl" href="static/style.xsl"?><OAI-PMH xmlns="http://www.openarchives.org/OAI/2.0/" xmlns:xsi="http://www.w3.org/2001/XMLSchema-instance" xsi:schemaLocation="http://www.openarchives.org/OAI/2.0/ http://www.openarchives.org/OAI/2.0/OAI-PMH.xsd"><responseDate>2026-04-17T00:51:55Z</responseDate><request verb="GetRecord" identifier="oai:www.recercat.cat:2445/219542" metadataPrefix="marc">https://recercat.cat/oai/request</request><GetRecord><record><header><identifier>oai:recercat.cat:2445/219542</identifier><datestamp>2025-12-05T09:50:58Z</datestamp><setSpec>com_2072_1057</setSpec><setSpec>col_2072_478778</setSpec><setSpec>col_2072_478917</setSpec></header><metadata><record xmlns="http://www.loc.gov/MARC21/slim" xmlns:dcterms="http://purl.org/dc/terms/" xmlns:xsi="http://www.w3.org/2001/XMLSchema-instance" xmlns:doc="http://www.lyncode.com/xoai" xsi:schemaLocation="http://www.loc.gov/MARC21/slim http://www.loc.gov/standards/marcxml/schema/MARC21slim.xsd">
   <leader>00925njm 22002777a 4500</leader>
   <datafield ind2=" " ind1=" " tag="042">
      <subfield code="a">dc</subfield>
   </datafield>
   <datafield ind2=" " ind1=" " tag="720">
      <subfield code="a">Baeta Alacio, Marc</subfield>
      <subfield code="e">author</subfield>
   </datafield>
   <datafield ind2=" " ind1=" " tag="720">
      <subfield code="a">Solís, Marco Antonio</subfield>
      <subfield code="e">author</subfield>
   </datafield>
   <datafield ind2=" " ind1=" " tag="720">
      <subfield code="a">Frias-Vidal, Silvia</subfield>
      <subfield code="e">author</subfield>
   </datafield>
   <datafield ind2=" " ind1=" " tag="720">
      <subfield code="a">Gonzalez Claramonte, Laura</subfield>
      <subfield code="e">author</subfield>
   </datafield>
   <datafield ind2=" " ind1=" " tag="720">
      <subfield code="a">Ballesteros, Manuel (Ballesteros Vázquez)</subfield>
      <subfield code="e">author</subfield>
   </datafield>
   <datafield ind2=" " ind1=" " tag="260">
      <subfield code="c">2025-03-07T13:57:12Z</subfield>
   </datafield>
   <datafield ind2=" " ind1=" " tag="260">
      <subfield code="c">2025-03-07T13:57:12Z</subfield>
   </datafield>
   <datafield ind2=" " ind1=" " tag="260">
      <subfield code="c">2023-12-15</subfield>
   </datafield>
   <datafield ind2=" " ind1=" " tag="260">
      <subfield code="c">2025-03-07T13:57:12Z</subfield>
   </datafield>
   <datafield ind2=" " ind1=" " tag="520">
      <subfield code="a">The wedge clam (Donax trunculus) is one of the most prized clam species fished in the EU. Clam fisheries have experienced a dramatic decline during the last decades on Spanish coasts resulting in the progressive closure of fishing grounds. The Ebro Delta (NW Mediterranean Sea) is one of the few areas of the Spanish coast where there is still some fishing activity. In this context, the main objectives of this study were: to provide novel data on the ecology of this species and to analyse the management of D. trunculus fisheries in the Ebro Delta. The results showed a depth segregation phenomenon and suggested that D. trunculus performs two migrations during its benthic life cycle, i.e., (1) the settlement of planktonic larvae occurs more intensely in the deepest part of its bathymetric distribution, where the survival was more intense. As clams progressively increase in size, they move to shallower areas; (2) adults tend to move back to the deepest part of their bathymetric distribution as they increase in size. The management of D. trunculus has improved significantly in the last decade. However, some issues are still unsolved (e.g., fishing gear limits are unclear; population boundaries do not coincide with political boundaries). Moreover, the shallower areas where juveniles are located concentrate the highest fishing pressure over the stock.</subfield>
   </datafield>
   <datafield tag="653" ind2=" " ind1=" ">
      <subfield code="a">Mediterrània (Mar : nord-oest)</subfield>
   </datafield>
   <datafield tag="653" ind2=" " ind1=" ">
      <subfield code="a">Bivalves</subfield>
   </datafield>
   <datafield tag="653" ind2=" " ind1=" ">
      <subfield code="a">Gestió de la pesca</subfield>
   </datafield>
   <datafield tag="653" ind2=" " ind1=" ">
      <subfield code="a">Mediterranean Sea (northwest)</subfield>
   </datafield>
   <datafield tag="653" ind2=" " ind1=" ">
      <subfield code="a">Bivalves</subfield>
   </datafield>
   <datafield tag="653" ind2=" " ind1=" ">
      <subfield code="a">Fishery management</subfield>
   </datafield>
   <datafield ind2="0" ind1="0" tag="245">
      <subfield code="a">Management and ecology of the wedge clam (Donax trunculus) in the NW Mediterranean Sea: The case of Ebro Delta (NE Spain)</subfield>
   </datafield>
</record></metadata></record></GetRecord></OAI-PMH>